000
00277nam a22001217a 4500
020
_a
NA
082
_2
22
_a
808.0666521
100
_a
Miller, Julie.
245
_a
Business writing that counts /
260
_b
A Sterling Paperback,
_c
c2006.
300
_a
0
_b
ill. ;
942
_2
ddc
_c
F
999
_c
4116
_d
4116